| 000 | 01314nam0a22003611 4500 | ||
|---|---|---|---|
| 001 | RU\INFOCOMM_318\5000027913 | ||
| 005 | 20250613103348.0 | ||
| 010 |
_95000 экз. _a5-03-001407-1 |
||
| 035 | _a(NLR Aleph) 009465186 | ||
| 090 |
_a8491534 _c8491534 |
||
| 100 | _a20121031d1989 |||y0rusy50 ca | ||
| 101 | 1 |
_apor _crus |
|
| 102 | _aRU | ||
| 105 | _ay z ||||| | ||
| 200 | 1 |
_aHidráulica _eAplicações da mecânica dos fluidos na agricultura _fN. N. Kremenetski, D. V. Chterenlikht, V. M. Alichev, L. V. Iakovleva _g[Trad. do russo por Anatoli Kutchumov] |
|
| 210 |
_aM. _cMir _dCop.1989 |
||
| 215 |
_a356 с. _cил. _d22 см |
||
| 300 | _aВ вып. дан.: Гидравлика / Николай Николаевич Кременецкий и др. | ||
| 620 | _aМосква | ||
| 686 |
_aЖ123 _2rubbk |
||
| 701 | 1 |
_9z01790 _aKremeneckij _bN. N. _gNikolaj Nikolaevič |
|
| 701 | 1 |
_9z02790 _aŠterenlicht _bD. V. |
|
| 701 | 1 |
_9z03790 _aAlyšev _bV. M. |
|
| 701 | 1 |
_9z04790 _aJakovleva _bL. V. |
|
| 790 | 1 |
_9z01701 _aKremenetski _bN. N. _4070 |
|
| 790 | 1 |
_9z02701 _aChterenlikht _bD. V. _4070 |
|
| 790 | 1 |
_9z03701 _aAlichev _bV. M. _4070 |
|
| 790 | 1 |
_9z04701 _aIakovleva _bL. V. _4070 |
|
| 801 | 1 |
_aRU _bNLR _c20121031 |
|
| 801 | 0 |
_aRU _bINFOCOMM _gPSBO |
|
| 852 |
_aNLR _jТ21 Д-5/204 |
||
| 942 | _cBOOK | ||
| 980 | _aNB | ||